000 00816nam a22001337a 4500
040 _cRUA
082 _aAVM UM 2013 B105 Or.1
100 _aUM, VISAL.
245 _aEffect of levamisole and benda-1000 for deworming of stonggyloides of pig in smallholder raising in kandal stung district, kandal province, ប្រសិទ្ធភាព LEVAMISOLE និង​ BENDA-1000 ក្នុងការទម្លាក់ STRONGYLOIDES របស់ជ្រូកសាច់ចិញ្ចឹមជាលក្ខណៈគ្រួសារ នៅស្រុកកណ្តាលស្ទឹង ខេត្តកណ្តាល.
260 _aphnom phen
_bRUA
_c2013
300 _aVIII,38p.
_bill.
_c29cm.
856 _uhttps://drive.google.com/file/d/1ONX1j69PnANxgP_blv2ejeUX3wy60HXh/view?usp=sharing
942 _cAVM
999 _c2600
_d2600